Statistics for My Songs Know What You Did In The Dark - Fall Out Boy - All Lyrics

Click here to take the quiz!

General Stats

  • This quiz has been taken 77 times
  • The average score is 277 of 326

Answer Stats

Answer% Correct
dark)
100%
dark
100%
dark,
100%
I
100%
light
100%
Light
100%
So
100%
the
100%
up
100%
up,
100%
you
100%
You
100%
did
98%
fire
98%
in
98%
In
98%
know,
98%
know
98%
songs
98%
what
98%
I'm
97%
I’m
97%
(My
97%
My
97%
my
97%
on
97%
A
94%
a
94%
'em
94%
Oh-oh-oh,
91%
oh-oh-oh,
91%
B-B-Be
85%
be
85%
careful
78%
wish
78%
to
74%
wishes
74%
can
71%
love
71%
making
71%
me
71%
me)
71%
see
71%
ashes
68%
just
68%
of
68%
when
68%
And
66%
and
66%
that
66%
mark
63%
Can’t
62%
everything
62%
your
62%
apart
58%
could
58%
dreaming
58%
hit
58%
mean-
58%
out
58%
tearing
58%
they
58%
get
57%
got
57%
level
57%
monster
55%
spark
55%
their
54%
with
54%
Burn
52%
burn
52%
devil
52%
ignite
52%
lover's
52%
sure
52%
then
52%
you're
52%
cage,
51%
for
51%
(For
51%
need
51%
rage
51%
antidote
48%
except
48%
Gonna
48%
never
48%
besides
46%
gotta
46%
world
46%
childhood
45%
lashes
45%
tears
45%
back
43%
keep
43%
young
42%
collides
40%
de-details
40%
pretty
40%
another
38%
from
38%
meantime
38%
scars
38%
spat
38%
tomorrow
38%
end
37%
they've
35%
vein
35%
(Write)
35%
write
35%
constellation
34%
Writers
34%
writing
34%
But
31%
died
31%
(Died)
31%
I've
31%
Somewhere
31%

Score Distribution

Percentile by Number Answered

Percent of People with Each Score

Your Score History

You have not taken this quiz